Tame algebras and integral quadratic forms
Αποθηκεύτηκε σε:
| Κύριος συγγραφέας: | |
|---|---|
| Μορφή: | Βιβλίο |
| Γλώσσα: | English |
| Δημοσίευση: |
Berlin :
Springel-Verlag,
1984
|
| Σειρά: | Lecture notes in mathematics (Springer-Verlag)
; 1099 |
| Θέματα: | |
| Ετικέτες: |
Προσθήκη ετικέτας
Δεν υπάρχουν, Καταχωρήστε ετικέτα πρώτοι!
|
MARC
| LEADER | 00000nam a2200000 i 4500 | ||
|---|---|---|---|
| 001 | 1/62356 | ||
| 008 | 941103s1984 eng d | ||
| 020 | |a 3-540-13905-2 | ||
| 035 | |a 1993 |l 10046596 | ||
| 040 | |a GR-MY-UA |b gre |e aacr | ||
| 041 | 0 | |a eng | |
| 082 | 0 | |a 512 | |
| 100 | 1 | |a Ringel, Claus Michael. | |
| 245 | 1 | 0 | |a Tame algebras and integral quadratic forms / |c Claus Michael Ringel |
| 260 | |a Berlin : |b Springel-Verlag, |c 1984 | ||
| 300 | |a xiii, 376 p.; |c 25 cm. | ||
| 490 | 1 | |a Lecture notes in mathematics (Springer-Verlag) |v ; 1099 | |
| 500 | |a Includes bibliographical referencs and index | ||
| 650 | 0 | 0 | |a Tame algebras. |
| 650 | 0 | 0 | |a Forms, Quadratic. |
| 650 | 0 | 0 | |a Representations of algebras. |
| 830 | 0 | |a Lecture notes in mathematics (Springer-Verlag) |v ; 1099 | |
| 852 | |a INST |b SAMOS |e 19941103 |h 512 RIN |p 005300006996 |q 005300006996 |t BK |y 0 | ||
| 909 | |a Σ |b 028970 | ||